Numizmatika. - Vilnius : [s.n.]. - 2000 [Rezension]
| Titel: | Numizmatika. - Vilnius : [s.n.]. - 2000 [Rezension] |
|---|---|
| Verfasser: | |
| In: |
Lituanistica, Heft 2 (2003), Seite 126-128 alle Artikel anzeigen |
| Veröffentlicht: | 2003 |
| Format: | Aufsatz |
| Sprache: | Litauisch |
X
alg: 39482451 001A $01999:12-11-16 001B $01999:03-08-21 $t21:03:30.000 001D $01999:12-11-16 001U $0utf8 001X $00 002@ $0Aox 003@ $0394824512 007A $0394824512 $aHEB 007T $0Herdc0102252v 010@ $alit 011@ $a2003 021A $aNumizmatika. - Vilnius : [s.n.]. - 2000 [Rezension] 028A $aSvetikas $dEugenijus 031A $e2 $h126-128 $j2003 039B $aIn $8--Abvc--. Lituanistica. - Vilnius : Academia, 1990-. - ISSN 0235-716X $x200300000000002874 $904857693X 039T $8--Abvc--. Numizmatika. - Vilnius, 2000-. - ISSN 1392-8570 $9099074001 045F $a900.94793 $eDDC23BSB 045F/01 $a900 045F/03 $g4793 045T $a7,44 lok: 39482451 78 exp: 39482451 78 1 #EPN 201B/01 $018-11-16 $t12:51:20.000 201U/01 $0utf8 203@/01 $0791123111 208@/01 $a12-11-16 $be 209A/01 $a/ $f000 $x00 220C/01 $aTitelaufnehmer: it 220C/01 $aHerkunft: LII Vilnius / Irena Tumelytė 244Z/01 $2Trx $#Litauen $#Lithuania $#Litwa $#Litva $#Litva $8--Trx--Lietuva $x01 $9391193457 244Z/01 $2Trx $#arvustused $#recenzijos $#Reviews $#recenziók $#recenzje $#recenzie $#recenze $8--Trx--Rezensionen $x02 $9391357441 247C/01 $82080>Marburg/Lahn, Herder-Institut, Forschungsbibliothek, Bibliographieportal $9336309341
| LEADER | 00000caa a22000002c 4500 | ||
|---|---|---|---|
| 001 | 394824512 | ||
| 003 | DE-603 | ||
| 005 | 20210803210330.0 | ||
| 007 | tu | ||
| 008 | 161112s2003 xx |||| | u00||u|lit c | ||
| 035 | |a (DE-599)HEB394824512 | ||
| 040 | |a DE-603 |b ger |c DE-603 |d DE-603 | ||
| 041 | |a lit | ||
| 082 | 0 | 4 | |8 1\u |a 900.94793 |q DE-101 |2 23/BSB |
| 084 | |a 7,44 |2 ssgn | ||
| 085 | |8 1\u |b 900 | ||
| 085 | |8 1\u |z 2 |s 4793 | ||
| 100 | 1 | |a Svetikas, Eugenijus | |
| 245 | 0 | 0 | |a Numizmatika. - Vilnius : [s.n.]. - 2000 [Rezension] |
| 264 | 0 | |c 2003 | |
| 773 | 0 | 8 | |i In |t Lituanistica |d Vilnius : Academia, 1990- |x 0235-716X |g Heft 2 (2003), Seite 126-128 |w (DE-603)04857693X |w (DE-600)1069331-2 |
| 787 | 0 | 8 | |i Rezension von |t Numizmatika |d Vilnius, 2000- |x 1392-8570 |w (DE-603)099074001 |w (DE-600)2050457-3 |
| 924 | 0 | |9 2080 |a (DE-603)791123111 |b DE-2080 |c HES |d d |g / | |


